000 01541nam0a2200361 4500
001 RU\NLR\BIBL_A\012012854
005 20190604150731.0
010 _a978-5-378-28890-8
_95000
021 _aRU
_bКН-П-19-028391
_9КН-П-19-2140
035 _a(NLR Aleph) 012012854
035 _a(RuMoRGB)009955436
090 _a11459697
_c11459697
100 _a20190516d2019 u y0rusy50 ca
101 1 _arus
_cund
102 _aRU
105 _aa zzzz||000ay
200 1 _aПриключения барона Мюнхаузена
_e[для чтения взрослыми детям
_fР. Э. Распе
_gпересказ Корнея Ивановича Чуковского
_gхудожник: Максим Коваленко]
210 _aРостов-на-Дону
_cПроф-Пресс
_d2019
215 _a91, [2] с.
_cцв. ил.
_d22
225 1 _aВнекласcное чтение
300 _aАвт. указан на обл.
300 _aНа обл.: Произведение печатается без сокращений
333 _a6+
686 0 _aШ9(4Г)60-4
700 1 _7ca
_8rus
_aРаспе
_bР. Э.
_f1737-1794
_gРудольф Эрих
_9112459
_3RU\NLR\AUTH\772447
702 1 _aКоваленко
_bМ.
_gМаксим
_4040
702 1 _4570
_7ca
_8rus
_aЧуковский
_bК. И.
_f1882-1969
_gКорней Иванович
_9111544
_3RU\NLR\AUTH\771522
942 _cBOOK
980 _aNBR
980 _aNB